000 00711cam a22002533a 4500
001 10118
003 PGUSA
005 20140828083219.0
008 031101s2003||||xxu|||||s|||||000 | eng d
040 _aPGUSA
_beng
042 _adc
050 4 _aGR
050 4 _aQK
100 1 _aDyer, T. F. Thiselton
_q(Thomas Firminger Thiselton),
_d1848-
245 1 4 _aThe Folk-lore of Plants
_h[electronic resource] /
_cT. F. Thiselton Dyer
260 _bProject Gutenberg,
_c2003
506 _aPublic domain in the USA.
516 _aElectronic text
653 _aFolklore
653 _aPlants -- Folklore
830 0 _aProject Gutenberg
_v10118
856 4 0 _uhttp://www.gutenberg.org/ebooks/10118
942 _cEB
999 _c239373
_d239373